00209nam a2200085Ia 4500008004100000041000800041082001500049100001400064245004500078240625s9999 xx 000 0 und d aeng a808.20 ROY aROY KUNAL aBRANDING STRATEGIES FOR CLIENTS OF DY WO